000 00457nam a2200145Ia 4500
005 20250423101250.0
008 250422s9999 xx 000 0 und d
020 _a9781032457727
050 _aQR 74.8 .M37/
245 4 _aThe geochemical origin of microbes
260 _c2024
300 _axiii, 234p.: ill.
650 _aBacteria--metabolism Bacteria--cytology Origin of Life Chemical Phenomena Energy Metabolism Environmental Microbiology
942 _cBK
999 _c35791
_d35791